Enr̲e maṇṇȧ ; enr̲e makan. (Record no. 75410)

MARC details
000 -LEADER
fixed length control field 00522cam a22002051 4500
001 - CONTROL NUMBER
control field sa 67005738
003 - CONTROL NUMBER IDENTIFIER
control field DLC
005 - DATE AND TIME OF LATEST TRANSACTION
control field 20260227112400.0
008 - FIXED-LENGTH DATA ELEMENTS--GENERAL INFORMATION
fixed length control field 891005s1966 xx 000 0 malo
010 ## - LIBRARY OF CONGRESS CONTROL NUMBER
LC control number sa 67005738
035 ## - SYSTEM CONTROL NUMBER
System control number (OCoLC)20445074
040 ## - CATALOGING SOURCE
Original cataloging agency DLC
Transcribing agency WaU
Modifying agency DLC
042 ## - AUTHENTICATION CODE
Authentication code premarc
050 00 - LIBRARY OF CONGRESS CALL NUMBER
Classification number PL4718.9.G42
Item number E5
100 1# - MAIN ENTRY--PERSONAL NAME
Personal name George, Manakkunnel.
245 10 - TITLE STATEMENT
Title Enr̲e maṇṇȧ ; enr̲e makan.
260 ## - PUBLICATION, DISTRIBUTION, ETC.
Place of publication, distribution, etc. [n. p.]
Name of publisher, distributor, etc. D. Kuthiathode,
Date of publication, distribution, etc. 1966.
300 ## - PHYSICAL DESCRIPTION
Extent 136 p.
Dimensions 19 cm.
500 ## - GENERAL NOTE
General note In Malayalam.

No items available.

Powered by Koha